| 000 | 00526nam a2200193Ia 4500 | ||
|---|---|---|---|
| 999 |
_c2237 _d2237 |
||
| 003 | OSt | ||
| 005 | 20200819105832.0 | ||
| 008 | 190216s9999||||xx |||||||||||||| ||und|| | ||
| 020 | _a070661707 | ||
| 040 | _coclc | ||
| 082 |
_a541.3 _bBAR/P |
||
| 100 |
_aBarrow, Gordon M _94209 |
||
| 245 | 0 |
_aPhysical Chemistry / _cGordon M Barrow |
|
| 250 | _a4th Ed. | ||
| 260 |
_bMcgraw -hill, _c1961. _aTokyo: |
||
| 300 | _a832p | ||
| 650 | _aChemistry-Chemistry | ||
| 942 |
_cBK _2ddc _h541.3 _iBAR/P _k541.3 _mBAR/P |
||